| 000 | 00628nam a2200205Ia 4500 | ||
|---|---|---|---|
| 003 | GCL | ||
| 008 | 140319s9999 xx 000 0 ara d | ||
| 040 |
_aGCL / _cGCL |
||
| 082 | 0 | 4 |
_a549 _bز ث |
| 100 | 1 | _aانور محمود عبد الواحد | |
| 245 | 1 | 0 |
_aالثروة المعدنية فى خدمتك / _cانور محمود عبد الواحد |
| 700 | 1 | _aجونس، و . ر | |
| 700 | 1 | _aمحمد زكى حتحوت (مترجم) | |
| 300 | _a223 ص | ||
| 490 |
_aالالف كتاب _v0 |
||
| 650 | 0 | 4 | _aالاقتصاد |
| 650 | 0 | 4 | _aالمعادن |
| 650 | 0 | 4 | _aالثروة المعدنية |
| 942 |
_2ddc _cBK |
||
| 999 |
_c45400 _d45400 |
||